ბათუმის შოთა რუსთაველის სახელმწიფო უნივერსიტეტის ბიბლიოთეკა

Применение бактериальных удобрении (ბიბ.ჩანაწერი № 46361)

000 -LEADER
fixed length control field 00630nam a2200205Ia 4500
001 - CONTROL NUMBER
control field 13197
003 - CONTROL NUMBER IDENTIFIER
control field GE_BSU
008 - FIXED-LENGTH DATA ELEMENTS--GENERAL INFORMATION
fixed length control field 181216s||||||||xx |||||||||||||| ||und||
040 ## - CATALOGING SOURCE
Transcribing agency GE_BSU
080 ## - UNIVERSAL DECIMAL CLASSIFICATION NUMBER
Universal Decimal Classification number 632+631.8
100 ## - MAIN ENTRY--PERSONAL NAME
Personal name Березова Е.Ф.;Л.М.Доросинский идр.
245 ## - TITLE STATEMENT
Title Применение бактериальных удобрении
245 ## - TITLE STATEMENT
Statement of responsibility, etc. Ред.Л.А.Синякова
260 ## - PUBLICATION, DISTRIBUTION, ETC.
Place of publication, distribution, etc. Москва
260 ## - PUBLICATION, DISTRIBUTION, ETC.
Name of publisher, distributor, etc. Сельхозгиз
260 ## - PUBLICATION, DISTRIBUTION, ETC.
Date of publication, distribution, etc. 1955
300 ## - PHYSICAL DESCRIPTION
Extent 171стр.илл.20см.
653 ## - INDEX TERM--UNCONTROLLED
Uncontrolled term Применение бактериальных удобрении
942 ## - ADDED ENTRY ELEMENTS (KOHA)
Koha item type წიგნი
ეგზემპლარები
Withdrawn status Lost status Damaged status Not for loan Date acquired Barcode Date last seen Price effective from Koha item type
        2018-12-17 20889 2018-12-17 2018-12-17 წიგნი